Nghiên cứu phản ứng đồng trùng hợp ghép axit acrylic lên β-Chitin và thăm dò khả năng hấp thụ Cu2+ của Copolyme ghép

Tổng quan vấn đề nghiên cứu: Nghiên cứu phản ứng đồng trùng hợp ghép axit acrylic lên β-Chitin và thăm dò khả năng hấp thụ Cu2+ của Copolyme ghép. Nguyên liệu và phương pháp nghiên cứu. Kết quả và bàn luận: Quá trình đồng trùng hợp ghép axit acrylic lênChitin sử dụng chất khơi mào Fe2+/H2O2; Chứng m...

ver descrição completa

Na minha lista:
Detalhes bibliográficos
Autor principal: Phạm, Thị Minh Hậu
Outros Autores: Trần, Mạnh Lục TS (Hướng dẫn)
Formato: Livro
Idioma:Vietnamese
Publicado em: Đại học Đà Nẵng Trường đại học Sư Phạm 2011
Colecção:Khóa luận tốt nghiệp đại học. Chuyên ngành: Sư phạm hóa
Assuntos:
Tags: Adicionar Tag
Sem tags, seja o primeiro a adicionar uma tag!
Thư viện lưu trữ: Mạng thư viện Đại học Đà Nẵng
LEADER 01881nam a2200349 4500
001 000012549
003 8853
005 20120222090216.0
008 120222s2011 viesd
041 |a vie 
072 |a Khóa luận tốt nghiệp 
082 |a 547.84  |b PH-H 
100 |a Phạm, Thị Minh Hậu 
245 |a Nghiên cứu phản ứng đồng trùng hợp ghép axit acrylic lên β-Chitin và thăm dò khả năng hấp thụ Cu2+ của Copolyme ghép  |c Phạm, Thị Minh Hậu 
260 |a Đại học Đà Nẵng  |b Trường đại học Sư Phạm  |c 2011 
300 |a 60 tr.  |b hình mhọa  |c 29 cm 
490 |a Khóa luận tốt nghiệp đại học. Chuyên ngành: Sư phạm hóa 
500 |a Tham khảo + phụ lục [6 tr.] 
520 |a Tổng quan vấn đề nghiên cứu: Nghiên cứu phản ứng đồng trùng hợp ghép axit acrylic lên β-Chitin và thăm dò khả năng hấp thụ Cu2+ của Copolyme ghép. Nguyên liệu và phương pháp nghiên cứu. Kết quả và bàn luận: Quá trình đồng trùng hợp ghép axit acrylic lênChitin sử dụng chất khơi mào Fe2+/H2O2; Chứng minh sự tồn tại của sản phẩm ghép; Khảo sát khả năng hấp thụ Cu2+ của Copolyme ghép 
653 |a Khóa luận tốt nghiệp đại học 
653 |a Khoa Hóa học 
700 |a Trần, Mạnh Lục  |c TS  |e Hướng dẫn 
OWN |a LSP 
AVA |a UDN50  |b LSP  |d 547.84 PH-H  |e available  |t Error 5001 Not defined in file expand_doc_bib_avail.  |f 1  |g 0  |h N  |i 0  |k 1 
999 |a From the UDN01 
AVA |a UDN50  |b LSP  |d 547.84 PH-H  |e available  |t Error 5001 Not defined in file expand_doc_bib_avail.  |f 1  |g 0  |h N  |i 0  |k 1 
TYP |a Monograph 
TYP |a Printed language 
980 |a Mạng thư viện Đại học Đà Nẵng